000 00804cam a2200253 a 4500
001 16187403
005 20180813044541.0
008 100415s2011 nju b 001 0 eng
010 _a 2010016022
020 _a9780205805914 (parent : alk. paper)
020 _a9780205809950 (exam : alk. paper)
020 _a9780205828647 (a la carte : alk. paper)
040 _aDLC
_cDLC
041 _aeng
080 _26th
_a155 FEL
082 0 0 _a155 FEL
_222
100 1 _a3
101 _aSHM
245 1 0 _aDevelopment across the life span /
_cRobert S. Feldman.
504 _aIncludes bibliographical references and index.
906 _a7
_bcbc
_corignew
_d1
_eecip
_f20
_gy-gencatlg
942 _2ddc
_cBK
999 _c47024
_d47024